Inflación y revolución y contrarrevolución keynesiana y monetarista (Registro nro. 5407)

Detalles MARC
000 -LEADER
fixed length control field 00769 a2200217 4500
001 - CONTROL NUMBER
control field 54236
005 - DATE AND TIME OF LATEST TRANSACTION
control field 20260407155813.0
008 - FIXED-LENGTH DATA ELEMENTS--GENERAL INFORMATION
fixed length control field 260407a1978 arg spa d
003 - CONTROL NUMBER IDENTIFIER
control field AR-UNSa-BCEJYS
040 ## - CATALOGING SOURCE
Original cataloging agency AR-UNSa-BCEJYS
Language of cataloging spa
Transcribing agency AR-UNSa-BCEJYS
080 ## - UNIVERSAL DECIMAL CLASSIFICATION NUMBER
Universal Decimal Classification number 330.834
Common auxiliary subdivision Keynes y el keynesianismo. Neokeynesianismo. Poskeynesianismo
020 ## - INTERNATIONAL STANDARD BOOK NUMBER
International Standard Book Number 84 281 0390 9
100 1# - MAIN ENTRY--PERSONAL NAME
Personal name Johnson, Harry G.
245 10 - TITLE STATEMENT
Title Inflación y revolución y contrarrevolución keynesiana y monetarista
264 #1 - PRODUCTION, PUBLICATION, DISTRIBUTION, MANUFACTURE, AND COPYRIGHT NOTICE
Place of production, publication, distribution, manufacture Barcelona :
Name of producer, publisher, distributor, manufacturer Oikos-tau
Date of production, publication, distribution, manufacture, or copyright notice 1978
300 ## - PHYSICAL DESCRIPTION
Extent 131 p.
Dimensions 19 cm.
505 ## - FORMATTED CONTENTS NOTE
Formatted contents note 1. La inflación y la controversia monetarista – 2. Revolución y contrarrevolución en economía política
590 ## - LOCAL NOTE (RLIN)
Local note niveau_biblio:m niveau_hierar:0
700 1# - ADDED ENTRY--PERSONAL NAME
Personal name Mas, Matilde
942 ## - ADDED ENTRY ELEMENTS (KOHA)
Koha item type
Existencias
Withdrawn status Lost status Damaged status Not for loan Home library Current library Shelving location Date acquired Total checkouts Full call number Barcode Date last seen Price effective from Koha item type
        Biblioteca Prof. Eusebio Cleto del Rey Biblioteca Prof. Eusebio Cleto del Rey   07/04/2026   330.834 J65 L39453 07/04/2026 07/04/2026 Libro
        Biblioteca Prof. Eusebio Cleto del Rey Biblioteca Prof. Eusebio Cleto del Rey   07/04/2026   330.834 J65 L39454 07/04/2026 07/04/2026 Libro